Algorithms for Programmers: Ideas and Source Code(E-BOOK) (Record no. 192174)
[ view plain ]
| 000 -LEADER | |
|---|---|
| fixed length control field | 00735 a2200157 4500 |
| 003 - CONTROL NUMBER IDENTIFIER | |
| control field | Nust |
| 005 - DATE AND TIME OF LATEST TRANSACTION | |
| control field | 20170207154031.0 |
| 040 ## - CATALOGING SOURCE | |
| Transcribing agency | Nust |
| 100 ## - MAIN ENTRY--PERSONAL NAME | |
| Personal name | Arndt, Jorg |
| 245 ## - TITLE STATEMENT | |
| Title | Algorithms for Programmers: Ideas and Source Code(E-BOOK) |
| Statement of responsibility, etc. | Jorg Arndt |
| 260 ## - PUBLICATION, DISTRIBUTION, ETC. | |
| Date of publication, distribution, etc. | 2002 |
| 300 ## - PHYSICAL DESCRIPTION | |
| Extent | 219p |
| 505 ## - FORMATTED CONTENTS NOTE | |
| Formatted contents note | The Fourier transform(Page- 8), Convolutions (Page-36), The Hartley transform (HT) (Page-49), Numbertheoretic transforms (NTTs) (Page-63), Walsh transforms (Page-73), The Haar transform (Page-82), Some bit wizardry (Page-88), Permutations (Page-115), Sorting and searching (Page-140), Selected combinatorical algorithms (Page-152), Arithmetical algorithms (Page-170). |
| 650 ## - SUBJECT ADDED ENTRY--TOPICAL TERM | |
| Topical term or geographic name entry element | Algorithms for Programmers |
| 651 ## - SUBJECT ADDED ENTRY--GEOGRAPHIC NAME | |
| Geographic name | E-BOOK |
| 942 ## - ADDED ENTRY ELEMENTS (KOHA) | |
| Source of classification or shelving scheme | |
| Koha item type | Book |
| Withdrawn status | Lost status | Source of classification or shelving scheme | Damaged status | Not for loan | Collection code | Permanent Location | Current Location | Date acquired | Total Checkouts | Barcode | Date last seen | Price effective from | Koha item type |
|---|---|---|---|---|---|---|---|---|---|---|---|---|---|
| Military College of Signals (MCS) | Military College of Signals (MCS) | 12/12/2016 | MCSEB-1294 | 12/08/2016 | 12/12/2016 | Book |
